Evénements du 3 mai - Statistiques

Statistiques générales
  • Ce quiz a été pris 27 fois
  • Le résultat moyen est 6 sur 15
Statistiques - réponses
Hint Réponse % Correct
Victoire du Front populaire aux élections législatives 1936
92%
Naissance de Nicolas Machiavel 1469
79%
Thatcher gagne les élections en Angleterre 1979
71%
Mort de Dalida 1987
71%
Naissance de l'abbé Sieyès 1748
63%
Naissance de James Brown 1933
50%
Naissance du boxeur Sugar Ray Robinson 1921
42%
Ouverture du musée de l'image à Epinal 2003
33%
Naissance de Golda Meir 1898
25%
Naissance de l'acteur Gino Cervi 1901
21%
Liquidation de l'horlogerie Lip à Besançon 1976
17%
Naissance de l'organiste Marcel Dupré 1886
13%
Mort d'Alexandre Vialatte 1971
13%
Naissance du parfumeur François Coty 1874
8%
Mort du philosophe Maurice Merleau-Ponty 1961
8%
Aucun quiz correspondant
Distribution des résultats
% des personnes avec chaque résultat
Percentile par nombre de réponses
Votre historique - résultats
Vous n’avez pas pris ce quiz